| 000 | 00569nam a22001937a 4500 | ||
|---|---|---|---|
| 005 | 20251108165537.0 | ||
| 008 | 250721s1996 xx 000 0 ara d | ||
| 082 | 1 | 4 | _aم/413.2/بعل |
| 100 | 1 | _aالبعلبكي، روحي | |
| 245 | 1 | 0 |
_aالمورد : _bقاموس عربي - إنجليزي / |
| 250 | _aط8 | ||
| 264 | 1 |
_aبيروت : _bدار العلم للملايين، _c1996. |
|
| 300 | _a1255ص | ||
| 650 | 1 | 7 | _aاللغة العربية |
| 650 | 1 | 7 | _aمعاجم المفردات |
| 650 | 1 | 7 | _aالقواميس |
| 942 |
_2ddc _cREF |
||
| 999 |
_c30391 _d30391 |
||